Normal view
MARC view
Entry Personal Name
001 - CONTROL NUMBER
- control field: 72311
003 - CONTROL NUMBER IDENTIFIER
- control field: dpl
005 - DATE AND TIME OF LATEST TRANSACTION
- control field: 20241003110043.0
008 - FIXED-LENGTH DATA ELEMENTS
- fixed length control field: 241003|| aca||aabn | a|a d
040 ## - CATALOGING SOURCE
- Original cataloging agency: dpl
- Transcribing agency: dpl
100 ## - HEADING--PERSONAL NAME
- Personal name: Gupta, Gautam
670 ## - SOURCE DATA FOUND
- Source citation: Work cat.: (dpl)206075: Gupta, Gautam , An Introduction Experimental Economics/, 2016
